| 000 | 01509cam a22003371ia4500 | ||
|---|---|---|---|
| 003 | SA-RiAUC | ||
| 005 | 20250307134611.0 | ||
| 008 | 250307s1994 le g b 000 0 ara c | ||
| 040 |
_aSA-RiNAUS _bara _cSA-RiAUC. _erda |
||
| 050 | 4 | _b.Q78 1994 | |
| 082 | 0 | 4 |
_a226.2 _qSA-RiAUC |
| 090 |
_a226.2 _b ق ر ط |
||
| 100 | 1 |
_aالقرطبي، محمد بن أحمد بن أبي بكر، _dتوفي 671 هجري _eمؤلف. |
|
| 245 | 1 | 0 |
_aجامع الأحكام الفقهية للإمام القرطبي من تفسيره / _cجمع وتصنيف فريد عبد العزيز الجندي. |
| 250 | _aالطبعة الأولى. | ||
| 264 | 1 |
_aبيروت : _bدار الكتب العلمية، _c1994 |
|
| 264 | 2 |
_aمكة المكرمة : _bتوزيع مكتبة دار الباز |
|
| 300 |
_a3 مجلد ؛ _c24 سم |
||
| 336 |
_aنص _btxt _2rdacontent _3كتاب |
||
| 337 |
_aبدون وسيط _bn _2rdamedia |
||
| 338 |
_aمجلد _bnc _2rdacarrier |
||
| 504 | _aيشتمل على إرجاعات ببليوجرافية. | ||
| 630 | 2 | 7 |
_aالقرآن _xأحكام _2aucut |
| 630 | 2 | 7 |
_aالقرآن _xتفاسير _2aucut |
| 650 | 7 |
_aالأحكام الشرعية _2aucsh |
|
| 700 | 1 |
_aالجندي، فريد عبد العزيز _eجامع. |
|
| 700 | 1 | 2 |
_iشرح لـ : _aالقرطبي، محمد بن أحمد بن أبي بكر، _dتوفي 671 هجري. _tالجامع لأحكام القرآن |
| 730 | 2 | _aالقرآن | |
| 942 |
_2ddc _cBOOK _n0 |
||
| 949 |
_aSA-JeALM _d250307 _ueid123 _n1 |
||
| 999 |
_c6303 _d6303 |
||